Movies Quiz

Random Movies or Artist Quiz
Score 0/28 Timer 07:00
0 Plays Today
Time Movie % Correct
0.08 - 0.13The Breakfast Club
72.9%
2.24 - 2.34Wayne's World
66.4%
0.00 - 0.07Back To The Future
55%
2.11 - 2.24Juno
55%
1.35 - 1.44Reservoir Dogs
48.6%
1.53 - 2.02Donnie Darko
48.6%
1.25 - 1.34Pulp Fiction
45.7%
1.09 - 1.25Fight Club
37.1%
0.49 - 0.59The Matrix
36.4%
4.40 - 4.55The Departed
35%
2.02 - 2.11Apocalypse Now
33.6%
1.08 - 1.14Batman Forever
32.1%
3.34 - 3.44Butch Cassidy And The Sundance Kid
30%
3.13 - 3.22Say Anything
29.3%
Time Movie % Correct
1.45 - 1.53Independence Day
25%
0.38 - 0.49Do The Right Thing
23.6%
3.45 - 4.05Garden State
20%
3.05 - 3.12Trainspotting
19.3%
0.23 - 0.31The Big Lebowski
16.4%
2.51 - 3.04The Silence Of The Lambs
15%
4.17 - 4.27Shaun Of The Dead
15%
4.05 - 4.16The Bourne Trilogy
13.6%
4.28 - 4.3928 Days Later
10.7%
2.35 - 2.51Mean Streets
10%
0.31 - 0.38Star Trek
8.6%
0.59 - 1.07The Royal Tenenbaums
5.7%
0.14 - 0.22Withnail And I
4.3%
3.23 - 3.34Vanilla Sky
4.3%
Remove Ads.
Support Sporcle.
Get the best of Sporcle when you Go Orange. This ad-free experience offers more features, more stats, and more fun while also helping to support Sporcle. Thank you for becoming a member.

You're not logged in!

Compare scores with friends on all Sporcle quizzes.
OR
Log In

Sporcle TV

Today on Sporcle TV


Watch our educational content, quiz creation guides, and fun videos on Sporcle TV.

Show Comments

Extras

Created Mar 8, 2011ReportNominate
Tags:Artist Quiz, Song Quiz

Top Quizzes Today


Score Distribution

Paid Content

Your Account Isn't Verified!

In order to create a playlist on Sporcle, you need to verify the email address you used during registration. Go to your Sporcle Settings to finish the process.

Report this User

Report this user for behavior that violates our Community Guidelines.

Details: